30 plus grandes villes de Normandie - Statistiques

Statistiques générales
  • Ce quiz a été pris 91 fois
  • Le résultat moyen est 15 sur 30
Statistiques - réponses
Top Département Nbre Commune % Correct
3 Calvados 109k Caen
100%
2 Seine-Maritime 117k Rouen
99%
1 Seine-Maritime 166k Le Havre
96%
4 Manche 78k Cherbourg-en-Cotentin
85%
5 Eure 49k Évreux
81%
10 Orne 25k Alençon
69%
8 Seine-Maritime 28k Dieppe
69%
16 Manche 19k Saint-Lô
69%
27 Calvados 12k Bayeux
54%
15 Calvados 19k Lisieux
54%
11 Eure 25k Vernon
54%
13 Seine-Maritime 22k Le Petit-Quevilly
49%
9 Seine-Maritime 25k Le Grand-Quevilly
48%
19 Seine-Maritime 17k Fécamp
47%
18 Calvados 17k Vire Normandie
43%
28 Manche 12k Granville
40%
12 Calvados 23k Hérouville-Saint-Clair
40%
20 Seine-Maritime 15k Elbeuf
37%
7 Seine-Maritime 29k Saint-Étienne-du-Rouvray
37%
25 Orne 13k Argentan
36%
23 Orne 14k Flers
33%
17 Eure 18k Louviers
33%
14 Seine-Maritime 20k Mont-Saint-Aignan
30%
6 Seine-Maritime 29k Sotteville-lès-Rouen
27%
26 Eure 13k Val-de-Reuil
27%
30 Seine-Maritime 12k Oissel-sur-Seine
22%
21 Seine-Maritime 15k Montivilliers
20%
29 Eure 12k Gisors
19%
22 Seine-Maritime 14k Bois-Guillaume
16%
24 Seine-Maritime 14k Canteleu
16%
Aucun quiz correspondant
Distribution des résultats
% des personnes avec chaque résultat
Percentile par nombre de réponses
Votre historique - résultats
Vous n’avez pas pris ce quiz